000 00258nam a22000977a 4500
082 _a355 KIT'L
100 _aKITSON, FRANK
_937927
245 _aLOW INTENSITY OPERATIONS SUBVERSION INSURGENCY PEACE KEEPING
260 _a208P
_bFABER & FABER
_c1971
942 _cBK
999 _c582276
_d582276